000 00299nam a22001217a 4500
008 260225b ||||| |||| 00| 0 eng d
041 _aShqip
080 _a2.1
100 _a20.1
101 _agaz
245 _aGazetaria investigative , Mjetet Ligjore dhe Etike
_cMentor Nazarko
942 _2udc
_cBK
999 _c60857
_d60857